000 00535nam a2200181Ia 4500
005 20250326125323.0
008 250326s9999 xx 000 0 und d
037 _aTextbook
040 _aFMSL
_beng
_cFMSL
041 _aeng
_2eng
084 _aX8(A)obD L1
_qFMSL
100 _aBlair R N
_9738869
245 0 _aElements of industrial systems engineering
_cBlair R N; Whitston C W
260 _aNew Jersey
_bNew Jersey, Prentice-Hall
_c1971
300 _a301p
942 _cTB
_hX8(A)obD L1
999 _c1277512
_d1277512